Storage : creative solutions for a well-organised home
| Main Author: | |
|---|---|
| Format: | Book |
| Published: |
Singapore :
Page One Publishing Private Limited ,
2007
|
| Series: | The small book of home ideas
|
| Subjects: |
MARC
| LEADER | 00000cam a2200000 7i4500 | ||
|---|---|---|---|
| 001 | 0000112607 | ||
| 005 | 20070716.0 | ||
| 020 | |a 9789812455352 | ||
| 090 | 0 | 0 | |a 648.8 |b CLI |
| 100 | 1 | |a Clifton-Mogg, Caroline | |
| 245 | 1 | 0 | |a Storage : |b creative solutions for a well-organised home |c Caroline Clifton-Mogg |
| 260 | |a Singapore : |b Page One Publishing Private Limited , |c 2007 | ||
| 300 | |a 143p. : |b ill. ; |c 23cm. | ||
| 490 | 0 | |a The small book of home ideas | |
| 650 | 0 | 0 | |a Storage in the home |
| 999 | |a 00205012 |b BUKU |c PINJAMAN |e PERPUSTAKAAN KOMUNITI PETALING JAYA | ||